[Event "CRO-ch U15"]
[Site "Trogir"]
[Date "2017.06.22"]
[Round "9"]
[White "Cotic, Borna"]
[Black "Smetisko, Josip"]
[Result "1-0"]
[WhiteElo "2116"]
[BlackElo "1913"]
[PlyCount "103"]
[EventDate "2017.06.17"]
[EventType "swiss"]
[EventRounds "9"]
[EventCountry "CRO"]
[SourceTitle "CBM 179 Extra"]
[Source "ChessBase"]
[SourceDate "2017.08.23"]
[SourceVersion "1"]
[SourceVersionDate "2017.08.23"]
[SourceQuality "1"]

1. e4 d6 2. d4 Nf6 3. Nc3 Nbd7 4. Nf3 e5 5. Bc4 Be7 6. 0-0 0-0 7. Re1 c6 8. a4 Qc7 9. h3 b6 10. Be3 Bb7 11. Ba2 Rad8 12. Qe2 Rfe8 13. Qc4 Rf8 14. Rad1 h6 15. Nh4 Bc8 16. Nf5 Nb8 17. dxe5 dxe5 18. Nb5 Qb7 19. Nbd6 Bxd6 20. Nxd6 Qe7 21. Nxf7 Rxd1 22. Rxd1 Kh7 23. Rd2 Ba6 24. Qe6 Qxe6 25. Bxe6 Nxe4 26. Bf5+ g6 27. Bxe4 Rxf7 28. Rd6 Rg7 29. Rd8 Rg8 30. Rxg8 Kxg8 31. Bxh6 Kf7 32. Bd2 c5 33. Bc3 Nd7 34. Bc6 Ke6 35. Bxd7+ Kxd7 36. Bxe5 Be2 37. f4 Bd1 38. c3 Bxa4 39. Kf2 Kc6 40. Ke3 Kd5 41. Bb8 a6 42. g4 Bd7 43. Bc7 b5 44. Kd3 b4 45. cxb4 cxb4 46. Ba5 Kc5 47. Ke4 Bc6+ 48. Ke5 Kb5 49. Bc7 Kc4 50. Kf6 Be4 51. h4 Kb3 52. Be5 1-0

[Event "CRO-chT U16 final"]
[Site "Djurdjevac"]
[Date "2016.12.30"]
[Round "7.11"]
[White "Smetisko, Josip"]
[Black "Cotic, Borna"]
[Result "0-1"]
[WhiteElo "1942"]
[BlackElo "1947"]
[PlyCount "68"]
[EventDate "2016.12.27"]
[EventType "team-tourn"]
[EventRounds "7"]
[EventCountry "CRO"]
[SourceTitle "EXT 2019"]
[Source "ChessBase"]
[SourceDate "2018.10.10"]
[SourceVersion "1"]
[SourceVersionDate "2018.10.10"]
[SourceQuality "1"]

1. e4 c5 2. Nf3 e6 3. d4 cxd4 4. Nxd4 Nc6 5. Nc3 Qc7 6. Be3 a6 7. a4 Nf6 8. Be2 Bb4 9. f3 d5 10. Nxc6 Qxc6 11. exd5 Nxd5 12. Bd4 Nxc3 13. bxc3 Bxc3+ 14. Bxc3 Qxc3+ 15. Kf2 Qc5+ 16. Kg3 Bd7 17. Bd3 Rd8 18. Qe2 Bc6 19. Rhe1 0-0 20. h3 Rd4 21. a5 Qd6+ 22. Kf2 Bb5 23. Red1 Rd8 24. Ke3 Qc5 25. Kd2 Qb4+ 26. Ke3 Qc3 27. Qf1 R4d5 28. Ra2 Qd4+ 29. Ke2 Re5+ 30. Kd2 Bxd3 31. cxd3 Qb4+ 32. Kc1 Rc8+ 33. Rc2 Qa3+ 34. Kd2 Qxa5+ 0-1

[Event "CRO-ch U15"]
[Site "Trogir"]
[Date "2016.06.23"]
[Round "5"]
[White "Muha, Magdalena"]
[Black "Smetisko, Josip"]
[Result "0-1"]
[WhiteElo "1591"]
[BlackElo "1820"]
[PlyCount "98"]
[EventDate "2016.06.21"]
[EventType "swiss"]
[EventRounds "9"]
[EventCountry "CRO"]
[SourceTitle "EXT 2017"]
[Source "ChessBase"]
[SourceDate "2016.10.25"]
[SourceVersion "1"]
[SourceVersionDate "2016.10.25"]
[SourceQuality "1"]

1. d4 Nf6 2. c4 g6 3. g3 d5 4. cxd5 Nxd5 5. e4 Nb6 6. Bg2 Bg7 7. Ne2 Nc6 8. d5 Ne5 9. f4 Ng4 10. Nbc3 0-0 11. 0-0 Bd7 12. h3 Nh6 13. Be3 c6 14. Bd4 cxd5 15. Bxg7 Kxg7 16. Nxd5 Nxd5 17. Qxd5 Bc6 18. Qd4+ Kg8 19. Rfd1 Qc7 20. Qe3 f6 21. Rac1 Nf7 22. Qb3 e5 23. f5 Qb6+ 24. Qxb6 axb6 25. fxg6 hxg6 26. Nc3 Ng5 27. a3 Ne6 28. Rd6 Nd4 29. Rf1 Kg7 30. Nd5 Bxd5 31. exd5 b5 32. Rb6 Rf7 33. Kh2 Ra6 34. Rxa6 bxa6 35. Rc1 Rd7 36. Rc5 f5 37. d6 Kf6 38. a4 Rxd6 39. axb5 axb5 40. Bf1 e4 41. Bxb5 e3 42. Kg2 e2 43. Bxe2 Nxe2 44. g4 Nf4+ 45. Kg3 Rd3+ 46. Kf2 Nxh3+ 47. Ke2 Nf4+ 48. Kf2 fxg4 49. b4 g3+ 0-1

[Event "CRO-chT2 Center 25th"]
[Site "Croatia"]
[Date "2016.04.17"]
[Round "6.26"]
[White "Hrupacki, Milan"]
[Black "Smetisko, Josip"]
[Result "0-1"]
[WhiteElo "2058"]
[BlackElo "1900"]
[PlyCount "84"]
[EventDate "2016.03.13"]
[EventType "team-tourn"]
[EventRounds "11"]
[EventCountry "CRO"]
[SourceTitle "EXT 2019"]
[Source "ChessBase"]
[SourceDate "2018.10.10"]
[SourceVersion "1"]
[SourceVersionDate "2018.10.10"]
[SourceQuality "1"]

1. f4 d5 2. e3 g6 3. Nf3 Bg7 4. d4 Nf6 5. Bd3 b6 6. c3 e6 7. Ne5 Bb7 8. 0-0 Nbd7 9. Bb5 a6 10. Bc6 Qc8 11. b3 0-0 12. Nd2 Bxc6 13. Nxc6 Qb7 14. Ne5 c5 15. Ba3 Rfc8 16. Rc1 b5 17. g4 b4 18. Bb2 cxd4 19. exd4 bxc3 20. Bxc3 h5 21. h3 hxg4 22. hxg4 Qa7 23. Bb2 Rxc1 24. Qxc1 Nxe5 25. fxe5 Nxg4 26. Kh1 Ne3 27. Re1 Nf5 28. Nf3 Bh6 29. Qc6 Kg7 30. Kg2 Rh8 31. Rh1 Be3 32. Rxh8 Kxh8 33. Ba3 Kh7 34. Bc5 Qb8 35. Qxa6 Kg7 36. Qf1 g5 37. Qd1 Qh8 38. b4 Qh5 39. b5 g4 40. Ng1 Bf4 41. Qb3 Qh2+ 42. Kf1 Ne3+ 0-1

[Event "CRO-chT2 Center 25th"]
[Site "Croatia"]
[Date "2016.04.17"]
[Round "5.55"]
[White "Ivekovic, Benjamin"]
[Black "Smetisko, Josip"]
[Result "1/2-1/2"]
[WhiteElo "2032"]
[BlackElo "1900"]
[PlyCount "68"]
[EventDate "2016.03.13"]
[EventType "team-tourn"]
[EventRounds "11"]
[EventCountry "CRO"]
[SourceTitle "EXT 2019"]
[Source "ChessBase"]
[SourceDate "2018.10.10"]
[SourceVersion "1"]
[SourceVersionDate "2018.10.10"]
[SourceQuality "1"]

1. e4 d6 2. g3 e5 3. Bg2 g6 4. Ne2 Bg7 5. 0-0 Ne7 6. c3 0-0 7. d4 Nbc6 8. d5 Nb8 9. c4 b6 10. Nbc3 f5 11. Qc2 Nd7 12. b4 a5 13. Bd2 axb4 14. Nb5 Nc5 15. f3 c6 16. dxc6 Nxc6 17. Rab1 Be6 18. Bxb4 fxe4 19. fxe4 Rxf1+ 20. Bxf1 Bh6 21. Nec3 Nd4 22. Nxd4 Be3+ 23. Kg2 Bxd4 24. Nd5 Bxd5 25. cxd5 Qf6 26. Bxc5 Bxc5 27. Bb5 Rf8 28. Rf1 Qg5 29. Rxf8+ Kxf8 30. Qe2 h5 31. Bd7 Kg7 32. a4 h4 33. Be6 hxg3 34. hxg3 Qc1 1/2-1/2

[Event "CRO-ch U17"]
[Site "Krapinske Toplice"]
[Date "2015.07.28"]
[Round "5"]
[White "Maduna, Dinko"]
[Black "Smetisko, Josip"]
[Result "1/2-1/2"]
[WhiteElo "1557"]
[BlackElo "1848"]
[PlyCount "95"]
[EventDate "2015.07.25"]
[EventType "swiss"]
[EventRounds "9"]
[EventCountry "CRO"]
[SourceTitle "CBM 167 Extra"]
[Source "ChessBase"]
[SourceDate "2015.09.14"]
[SourceVersion "1"]
[SourceVersionDate "2015.09.14"]
[SourceQuality "1"]

1. d4 Nf6 2. c4 g6 3. Nc3 d5 4. cxd5 Nxd5 5. e4 Nxc3 6. bxc3 Bg7 7. Bc4 c5 8. Ne2 Nc6 9. Be3 0-0 10. 0-0 Bg4 11. f3 Bd7 12. Rc1 Rc8 13. Qd2 cxd4 14. cxd4 b6 15. h4 Na5 16. Bd3 Rc6 17. d5 Rxc1 18. Rxc1 Qb8 19. h5 e6 20. hxg6 hxg6 21. Bf4 Be5 22. Bh6 Rd8 23. f4 Bg7 24. Bxg7 Kxg7 25. Qc3+ Kg8 26. Qc7 exd5 27. exd5 Bg4 28. d6 Qxc7 29. dxc7 Rxd3 30. c8R+ Bxc8 31. Rxc8+ Kg7 32. Rc7 Rd1+ 33. Kf2 Rd2 34. Rxa7 Rxa2 35. Kf3 Kf6 36. g4 Ra3+ 37. Ke4 Nc4 38. g5+ Kg7 39. Rxa3 Nxa3 40. Kd3 Kf8 41. Kc3 Nb5+ 42. Kc4 Nc7 43. Nc3 Ke7 44. Kd4 Ke6 45. Ke4 b5 46. Ne2 b4 47. Nd4+ Kd6 48. f5 1/2-1/2